Facilities planning (Record no. 586642)

000 -LEADER
fixed length control field 00390nam a22001457a 4500
020 ## - INTERNATIONAL STANDARD BOOK NUMBER
International Standard Book Number 9780470444047
040 ## - CATALOGING SOURCE
Transcribing agency NUST
082 ## - DEWEY DECIMAL CLASSIFICATION NUMBER
Classification number 620.004
Author Mark TOM
100 ## - MAIN ENTRY--PERSONAL NAME
Personal name Tompkins, James A.
9 (RLIN) 83647
110 ## - MAIN ENTRY--CORPORATE NAME
Corporate name or jurisdiction name as entry element White, John A. Bozer, Yavuz A. Tanchoco, J.M.A
9 (RLIN) 83648
245 ## - TITLE STATEMENT
Title Facilities planning
250 ## - EDITION STATEMENT
Edition statement FOURTH EDITION
260 ## - PUBLICATION, DISTRIBUTION, ETC.
Place of publication, distribution, etc. USA:
Name of publisher, distributor, etc. John Wiley & Sons,
Date of publication, distribution, etc. 2010
942 ## - ADDED ENTRY ELEMENTS (KOHA)
Source of classification or shelving scheme
Koha item type Book
Holdings
Withdrawn status Lost status Source of classification or shelving scheme Damaged status Not for loan Permanent Location Current Location Shelving location Date acquired Full call number Barcode Date last seen Price effective from Koha item type Public note
          College of Electrical & Mechanical Engineering (CEME) College of Electrical & Mechanical Engineering (CEME) General Stacks 11/02/2021 620.004 TOM CEME-50239 11/02/2021 11/02/2021 Book 4.1
© 2023 Central Library, National University of Sciences and Technology. All Rights Reserved.